Statistics for Björk Discography

Click here to take the quiz!

General Stats

  • This quiz has been taken 194 times
    (110 since last reset)
  • The average score is 16 of 34

Answer Stats

TypeYearName% Correct
Album1993Debut
97%
Album1995Post
97%
Album2001Vespertine
93%
Album1997Homogenic
92%
Album2017Utopia
85%
Album2022*Fossora
84%
Album2004Medúlla
82%
Album2007Volta
82%
Album2015Vulnicura
82%
Album2011Biophilia
80%
Album1977Björk
66%
Soundtrack2000Selmasongs
56%
Live Album2004Homogenic Live
52%
Live Album2004Post Live
52%
Live Album2004Debut Live
51%
Live Album2004Vespertine Live
49%
Box Set2009Voltaïc
44%
Live Album2015Vulnicura Live
42%
Live Album2014Björk: Biophilia Live
39%
Compilation2002Greatest Hits
39%
Collaborative Album1990Gling-Gló
38%
Remix Album1996Telegram
36%
Soundtrack2005The Music from Matthew Barney's Drawing Restraint 9
36%
Remix Album2012Bastards
31%
Remix Album2015Vulnicura Strings (Vulnicura: The Acoustic Version - Strings, Voice and Viola Organista Only)
31%
Box Set2002Family Tree
25%
Remix Album2005Army of Me: Remixes and Covers
16%
Box Set2003Live Box
11%
Collaborative Album2010Mount Wittenburg Orca
10%
Collaborative Album2019Country Creatures
9%
Box Set2006Surrounded
9%
Live Album2009Songs from the Volta Tour
6%
Remix EP1994The Best Mixes from the Album Debut for All the People Who Don't Buy White Labels
6%
Live Album1997Celebrating Wood and Metal
1%

Score Distribution

Percentile by Number Answered

Percent of People with Each Score

Your Score History

You have not taken this quiz since the last reset